000 00979nas a2200325 4500
001 BR0800761
003 BR-BrBNA
005 20231205111548.0
007 ta
008 230509b bl.|||p| |||| 00| 00por d
040 _aBR-BrBNA
_bpor
_cBiblioteca Nacional de Agricultura
041 _a(Pt)
072 _aM12; L52; L53
100 1 _aFerrari, V. A.
100 1 _aLucas, A.F.B.
100 1 _aRamos, D.A.R.
100 1 _aRamos, S.R.
245 1 _aSobrevivência e maturação gonadal do tambaqui Colossoma macropomum, Cuvier, 1818, em ambientes protegidos (estufa)
650 _aPISCICULTURA
650 _aTAMBAQUI
650 _aESTUFA
650 _aVIVEIRO
650 _aCONTROLE TÉRMICO
650 _aMATURAÇÃO PRECOCE
650 _aAPARELHO REPRODUTOR
650 _aSOBREVIVÊNCIA
773 0 _tBoletim Técnico do CEPTA (Brazil)
_xISSN 0103-1112
_g(1999), v. 12 p. 1-12
_wBR0800761
909 _a202311
_bLúcia
_c55
_dLúcia Elande
942 _2AGRIS
_n0
_cANA
999 _c193325
_d193325